[Event "HUN-ch Rapid 2018"]
[Site "Ajka"]
[Date "2018.07.22"]
[Round "13"]
[White "Czebe, Attila"]
[Black "Jakab, Attila"]
[Result "1-0"]
[WhiteElo "2488"]
[BlackElo "2363"]
[Annotator "TA"]
[PlyCount "59"]
[EventDate "2018.07.20"]
[EventType "swiss"]
[EventCountry "HUN"]
[SourceTitle "playchess.com"]
[Source "ChessBase"]
[SourceQuality "1"]

{[%evp 18,59,-32,-22,7,0,24,0,87,86,93,72,76,70,129,87,105,91,96,42,92,41,72,42,17,-35,61,-85,-72,-90,160,120,204,212,318,295,443,442,440,443,445,346,432,433]} 1. Nf3 d5 2. g3 Nf6 3. Bg2 e6 4. O-O Be7 5. d3 O-O 6. Nbd2 b6 7. e4 Bb7 8. e5 {A05: Réti Opening: 1 Nf3 Nf6} Nfd7 9. Re1 c5 (9... a5 10. h4 Nc6 11. Nf1 a4 12. a3 Na5 13. N1h2 c5 14. Bf4 b5 15. Ng5 Qb6 {1-0 (25) Amin,B (2689)-Sanal,V (2551) Riadh 2017}) 10. h4 {LiveBook: 19 Games. Black is slightly better.} Na6 11. Nf1 {[%cal Bd2f1,Bf1h2,Bh2g4,Bg4h6][%mdl 32]} Nc7 12. N1h2 f6 {[#]} (12... d4 $11) 13. exf6 $1 $16 gxf6 14. Ng4 $146 ({Predecessor:} 14. d4 Bd6 15. Bh6 {1-0 (39) Mazurkiewicz,M (2170)-Matla,M (2000) Leba 2006}) 14... Kh8 15. d4 Rg8 (15... Bd6 $14) 16. Nh6 {Hoping for Nf7+.} Rg7 17. Bf4 Nf8 18. Qd2 (18. c3 $16) 18... Bd6 19. Bxd6 (19. c3 $16) 19... Qxd6 $14 20. dxc5 bxc5 21. Nh2 ({White should play} 21. b4 $11) 21... Re8 ({Black should try} 21... Nd7 $15) 22. N2g4 (22. c4 $14 {stays ahead.}) 22... Nd7 $17 23. c4 Ree7 $2 (23... f5 $17 24. Ne3 Rf8 25. cxd5 Bxd5 26. Nhxf5 exf5) 24. Rad1 $16 Qb6 {[#]} (24... Bc6 $16) 25. Qf4 $1 $18 ({Don't take} 25. cxd5 $6 Nxd5 26. Ne3 (26. Bxd5 Bxd5 27. Qc3 Qb4 $14) 26... Nxe3 $16) 25... e5 (25... f5 $142) 26. Qf5 d4 (26... Re8 $142 27. cxd5 Rf8) 27. Bxb7 Qxb7 28. Nxf6 Ref7 29. Nxf7+ Rxf7 30. Qe4 {Precision: White = 32%, Black = 19%.} 1-0

[Event "HUN-ch Rapid 2018"]
[Site "Ajka"]
[Date "2018.07.22"]
[Round "13"]
[White "Horvath, Adam"]
[Black "Hardicsay, Peter"]
[Result "1/2-1/2"]
[WhiteElo "2479"]
[BlackElo "2267"]
[Annotator "TA"]
[PlyCount "121"]
[EventDate "2018.07.20"]
[EventType "swiss"]
[EventCountry "HUN"]
[SourceTitle "playchess.com"]
[Source "ChessBase"]
[SourceQuality "1"]

{[%evp 17,121,21,23,8,0,14,1,1,10,11,0,-8,0,0,0,-20,-8,-16,-9,-39,-37,-69,-73,-64,-18,-54,-38,-51,-33,-180,-134,-151,-57,-51,-31,-104,-21,-31,-10,-5,-8,-20,0,-14,0,0,7,0,25,12,20,0,32,21,52,20,25,0,0,15,25,0,0,0,76,75,80,0,289,286,273,295,365,366,324,0,0,0,0,0,0,0,0,0,0,0,0,0,0,0,0,0,0,0,0,0,0,0,0,0,0,0,0,0,0,0]} 1. e4 c5 2. Nf3 Nc6 3. Bb5 e6 4. O-O Nge7 5. Re1 a6 6. Bf1 d5 7. exd5 Nxd5 8. d4 cxd4 9. Nxd4 Ndb4 {LiveBook: 4 Games. B30: Sicilian: 2...Nc6 3 Bb5, lines without ...g6} (9... Bd7 10. Nf5 Bc8 11. c4 Nf6 12. Qxd8+ Nxd8 13. Bf4 Bd7 14. Nc3 g6 15. Be5 gxf5 16. Bxf6 Rg8 17. Nd5 {½-½ (44) Zvjaginsev,V (2673)-Reshetnikov,A (2492) Moscow 2016}) 10. c3 Nxd4 11. cxd4 Be7 12. Nc3 O-O 13. a3 Nd5 14. Bd3 $146 ({Predecessor:} 14. Qf3 Nxc3 15. bxc3 Ra7 16. a4 b6 17. Bd3 {0-1 (56) Costigan,R-Lein,A (2515) New York,NY 1976}) 14... Nxc3 15. bxc3 Bd7 16. Qf3 Rc8 17. c4 Bf6 18. Be3 Bc6 $1 {[%cal Rc6f3]} 19. Qh3 {[%csl Gd3][%cal Rh3h7] [#]} g6 20. Rad1 Re8 21. Qg4 Bg7 22. h4 Qa5 23. Bc1 ({Better is} 23. h5 $15) 23... Rcd8 24. Bb2 Ba4 ({Black should try} 24... Qb6 $17 25. Qe2 Bxd4 26. Bxd4 Rxd4) 25. Rb1 $15 Qd2 (25... h5 $5 {[%cal Rh5g4]} 26. Qf4 Re7 $15) 26. Qf3 (26. Qe4 $15) 26... Bc6 (26... Bxd4 $17 27. Be4 Bxb2) 27. Qe3 Qxe3 (27... Qa5 {with more complications.} 28. Bc2 Rc8 29. c5 Qd8 30. Qf4 Qd7) 28. fxe3 b5 29. Bc3 {[%cal Rc4b5]} Rb8 30. Ba5 Rec8 31. Rec1 Bf8 32. c5 f5 33. Kf2 Kf7 34. Be2 Ra8 35. Bf3 Ra7 36. Bb6 Rd7 37. a4 bxa4 38. Bxc6 Rxc6 39. Rc4 e5 40. Rxa4 exd4 (40... f4 $11 {remains equal.}) 41. exd4 $16 {[%cal Be3d4,Bd4d5][%mdl 32]} (41. Rxd4 Ke6 $15) 41... Bg7 {[#]} 42. Rd1 (42. Ke3 $1 $16) 42... Bf6 $2 {[%mdl 8192]} (42... Ke6 $11 {and Black is okay.}) 43. d5 $18 (43. Rxa6 Rxd4 44. Ra7+ Kg8 $15) 43... Rc8 44. g3 (44. Rxa6 $6 Bxh4+ 45. g3 Bd8 $16) 44... Bd8 45. Bxd8 ({Less strong is} 45. Rxa6 Bxb6 46. cxb6 Rb8 $16) 45... Rdxd8 46. c6 $2 ({Stronger than} 46. Rxa6 Rxc5 47. Ra7+ Kf6 $11) (46. Ra5 $18) 46... Rxc6 $1 $11 {The position is equal.} 47. dxc6 Rxd1 48. Rxa6 {[%mdl 4096] Endgame KR-KR} Rc1 49. Ke3 Ke7 50. Kf4 Kd6 51. Kg5 Rc3 ({Wrong is} 51... Rxc6 $2 52. Rxc6+ Kxc6 53. Kh6 $18) 52. Kh6 Rxg3 53. Kxh7 f4 54. Ra4 f3 55. Rc4 {White threatens c7 and mate.} Kc7 56. Kh6 f2 57. Rf4 Kxc6 {Threatens to win with ...Rg2.} 58. Rxf2 Kd5 59. Rf6 Rg4 60. Rxg6 Rxh4+ 61. Kg7 {Precision: White = 46%, Black = 49%.} 1/2-1/2

[Event "HUN-ch Rapid 2018"]
[Site "Ajka"]
[Date "2018.07.22"]
[Round "13"]
[White "Nemeth, Miklos"]
[Black "Deak, Sandor"]
[Result "1/2-1/2"]
[WhiteElo "2469"]
[BlackElo "2335"]
[Annotator "TA"]
[PlyCount "60"]
[EventDate "2018.07.20"]
[EventType "swiss"]
[EventCountry "HUN"]
[SourceTitle "playchess.com"]
[Source "ChessBase"]
[SourceQuality "1"]

{[%evp 15,60,69,80,80,116,101,109,71,149,22,73,45,75,60,57,8,4,7,6,-141,-108,-102,-110,-127,-115,-132,-137,-134,-116,-95,-108,-101,-33,-36,-8,-100,-12,-8,157,-145,-141,-146,-145,-145,-139,-139,-135]} 1. e4 c5 2. Nf3 Nc6 3. d4 cxd4 4. Nxd4 g6 5. c4 Nf6 6. Nc3 Nxd4 {B36: Sicilian: Maroczy Bind: Gurgenidze System} (6... d6 7. Be2 Nxd4 8. Qxd4 Bg7 9. Be3 O-O 10. Qd2 a5 11. O-O a4 12. Bd4 Be6 13. f4 Qa5 14. Rad1 Rac8 15. b3 axb3 16. axb3 b5 17. Bxf6 Bxf6 18. Nxb5 Qxd2 19. Rxd2 Ra8 20. Nc7 Ra3 21. Nxe6 fxe6 {1-0 (58) Yu,Y (2759)-Bu,X (2718) Hangzhou 2018}) 7. e5 Ng8 {[%cal Bf6g8,Bg8h6,Bh6f5][%mdl 32]} 8. Qxd4 Bg7 $1 {LiveBook: 4 Games. White is slightly better.} 9. c5 Nh6 10. Bf4 $146 ({Predecessor:} 10. Bxh6 Bxh6 11. e6 O-O 12. exf7+ Rxf7 13. Qh4 Qf8 14. Rd1 Rf4 15. g4 {½-½ (60) Skovgaard,P (2258)-Jiretorn,E (2150) Helsingor 2009}) 10... Nf5 11. Qe4 {Black must now prevent g4.} O-O (11... e6 $142) 12. Bc4 (12. g4 $16) 12... Qa5 {[#]} (12... e6 $11) 13. b4 $1 {[%mdl 512]} Qa3 (13... Qxb4 14. Bxf7+) 14. Bb3 a5 15. g4 Qxb4 16. Qxb4 axb4 17. Nb5 (17. Nd5 $11 {keeps the balance.} Nd4 18. Rd1) 17... Ra5 18. gxf5 {[#] Threatens to win with Nc7.} Rxb5 19. fxg6 hxg6 20. Rc1 b6 21. Rg1 Kh7 22. cxb6 Bxe5 23. Be3 d5 ({Black should try} 23... Bc3+ $17 24. Kd1 Bb7) 24. Rc5 $1 $15 {[%cal Rc5b5]} Ba6 {...Bc3+ is the strong threat.} 25. Rg4 ({Don't blunder} 25. Rxd5 $2 Rxd5 26. Bxd5 Rd8 $19) (25. Bxd5 $2 Rxc5 26. Bxc5 Bc3+ 27. Kd1 Rd8 $19) (25. Rxb5 $11 Bxb5 26. Rg4) 25... Bc3+ (25... Rxb6 $17 {next ...Rd6 is good for Black.} 26. Bxd5 Bf6) 26. Kd1 $11 d4 $2 (26... Rb8 $11) 27. Rxb5 $2 ({Don't do} 27. Bxd4 $6 Rxc5 28. Bxc5 Rd8+ 29. Kc2 f5 $14) (27. Rh4+ $16 {is necessary to keep the advantage.} Kg8 28. Bxd4 Bxd4 29. Rxb5) 27... dxe3 $17 {Black is clearly better.} 28. Bc4 {Strongly threatening Rc5.} Bxb5 29. Bxb5 Rb8 30. fxe3 Rxb6 {Precision: White = 38%, Black = 36%.} 1/2-1/2

[Event "HUN-ch Rapid 2018"]
[Site "Ajka"]
[Date "2018.07.22"]
[Round "13"]
[White "Csiszar, Csaba"]
[Black "Szalanczi, Emil"]
[Result "1-0"]
[WhiteElo "2432"]
[BlackElo "2214"]
[Annotator "NA"]
[PlyCount "171"]
[EventDate "2018.07.20"]
[EventType "swiss"]
[EventCountry "HUN"]
[SourceTitle "playchess.com"]
[Source "ChessBase"]
[SourceQuality "1"]
[TimeControl "1200+5"]

1. d4 {[%emt 0:00:01]} Nf6 {[%emt 0:00:06]} 2. Nf3 {[%emt 0:00:03]} g6 {[%emt 0:00:01]} 3. c4 {[%emt 0:00:03]} Bg7 {[%emt 0:00:01]} 4. Nc3 {[%emt 0:00:01]} d5 {[%emt 0:00:02]} 5. Qb3 {[%emt 0:00:16]} dxc4 {[%emt 0:00:02]} 6. Qxc4 {[%emt 0:00:02]} O-O {[%emt 0:00:02]} 7. e4 {[%emt 0:00:03]} a6 {[%emt 0:00:01]} 8. e5 {[%emt 0:00:15]} Nfd7 {[%emt 0:00:09]} 9. Be3 {[%emt 0:00:53]} Nb6 {[%emt 0:00:12]} 10. Qc5 {[%emt 0:01:00]} Be6 {[%emt 0:00:37]} 11. b3 {[%emt 0:00:50]} Nc6 {[%emt 0:00:47]} 12. Rd1 {[%emt 0:00:17]} Bd5 {[%emt 0:00:47]} 13. Be2 {[%emt 0:00:20]} e6 {[%emt 0:00:38]} 14. O-O {[%emt 0:00:02]} Re8 {[%emt 0:00:24]} 15. Qa3 {[%emt 0:00:05]} h6 {[%emt 0:00:24]} 16. Qc1 {[%emt 0:00:17]} Kh7 {[%emt 0:00:03]} 17. h4 {[%emt 0:00:23]} Ne7 {[%emt 0:00:08]} 18. h5 {[%emt 0:00:10]} Nf5 {[%emt 0:00:07]} 19. Bf4 {[%emt 0:01:23]} Rc8 {[%emt 0:00:25]} 20. b4 {[%emt 0:00:48]} Qe7 {[%emt 0:00:10]} 21. a3 {[%emt 0:00:06]} Red8 {[%emt 0:00:22]} 22. Nxd5 {[%emt 0:00:42]} Nxd5 {[%emt 0:00:08]} 23. Bd2 {[%emt 0:00:43]} c6 {[%emt 0:01:00]} 24. Qc2 {[%emt 0:00:35]} Rg8 {[%emt 0:00:52]} 25. Bd3 {[%emt 0:00:22]} Kh8 {[%emt 0:00:14]} 26. g3 {[%emt 0:00:05]} Qd7 {[%emt 0:00:33]} 27. Kg2 {[%emt 0:00:08]} g5 {[%emt 0:00:13]} 28. g4 {[%emt 0:00:44]} Nfe7 {[%emt 0:00:58]} 29. Bc4 {[%emt 0:00:40]} f5 {[%emt 0:00:46]} 30. exf6 {[%emt 0:00:31]} Bxf6 {[%emt 0:00:03]} 31. Ne5 {[%emt 0:00:10]} Bxe5 {[%emt 0:00:11]} 32. dxe5 {[%emt 0:00:01]} Rcf8 {[%emt 0:00:15]} 33. Ba2 {[%emt 0:00:17]} Rg7 {[%emt 0:00:08]} 34. Bb1 {[%emt 0:00:27]} Rgf7 {[%emt 0:00:30]} 35. f3 {[%emt 0:01:34]} Qc7 {[%emt 0:00:20]} 36. Rde1 {[%emt 0:00:18]} Qb6 {[%emt 0:00:26]} 37. Re2 {[%emt 0:01:06]} Kg8 {[%emt 0:01:44]} 38. Ba2 {[%emt 0:01:19]} Rg7 {[%emt 0:00:38]} 39. a4 {[%emt 0:01:06]} Rff7 {[%emt 0:00:42]} 40. Qc4 {[%emt 0:00:16]} Rf8 {[%emt 0:00:27]} 41. Bb1 {[%emt 0:00:04]} Rgf7 {[%emt 0:00:30]} 42. Be4 {[%emt 0:00:02]} Rg7 {[%emt 0:00:06]} 43. Rb1 {[%emt 0:00:05]} Rgf7 {[%emt 0:00:24]} 44. Rb3 {[%emt 0:00:25]} Rf4 {[%emt 0:00:26]} 45. Kh2 {[%emt 0:00:52]} R4f7 {[%emt 0:00:16]} 46. Be1 {[%emt 0:00:51]} Qc7 {[%emt 0:00:12]} 47. Bg3 {[%emt 0:00:10]} Kg7 {[%emt 0:00:21]} 48. Rb1 {[%emt 0:00:44]} Qb6 {[%emt 0:00:34]} 49. Bf2 {[%emt 0:00:01]} Qc7 {[%emt 0:00:03]} 50. Bg3 {[%emt 0:00:09]} Qb6 {[%emt 0:00:02]} 51. Rb3 {[%emt 0:00:09]} Qc7 {[%emt 0:00:07]} 52. Kg2 {[%emt 0:00:06]} Qb6 {[%emt 0:00:04]} 53. Kh1 {[%emt 0:00:21]} Qc7 {[%emt 0:00:07]} 54. Qc5 {[%emt 0:00:06]} Rd8 {[%emt 0:00:28]} 55. a5 {[%emt 0:00:19]} Qd7 {[%emt 0:00:09]} 56. Rd3 {[%emt 0:00:07]} Qc7 {[%emt 0:00:17]} 57. Qc4 {[%emt 0:00:01]} Rdf8 {[%emt 0:00:06]} 58. Qd4 {[%emt 0:00:05]} Qd7 {[%emt 0:00:43]} 59. Rc2 {[%emt 0:00:04]} Qe8 {[%emt 0:00:09]} 60. Qc5 {[%emt 0:00:02]} Qb8 {[%emt 0:00:12]} 61. Rb3 {[%emt 0:00:12]} Qd8 {[%emt 0:00:25]} 62. Re2 {[%emt 0:00:03]} Qb8 {[%emt 0:00:02]} 63. Qd6 {[%emt 0:00:03]} Qc8 {[%emt 0:00:07]} 64. Kh2 {[%emt 0:00:05]} Rd8 65. Qc5 Rdf8 {[%emt 0:00:04]} 66. Qc4 {[%emt 0:00:09]} Qd7 {[%emt 0:00:06]} 67. Bf2 {[%emt 0:00:03]} Nf4 {[%emt 0:00:12]} 68. Ra2 {[%emt 0:00:20]} Ned5 {[%emt 0:00:07]} 69. Bc5 {[%emt 0:00:03]} Rd8 {[%emt 0:00:09]} 70. Bd6 {[%emt 0:00:01]} Nc7 {[%emt 0:00:22]} 71. Bg6 {[%emt 0:00:19]} Nb5 {[%emt 0:00:16]} 72. Bxf7 Qxf7 {[%emt 0:00:02]} 73. Rd2 {[%emt 0:00:06]} Nd5 {[%emt 0:00:03]} 74. Bc5 {[%emt 0:00:17]} Rd7 {[%emt 0:00:09]} 75. Rc2 {[%emt 0:00:14]} Rd8 {[%emt 0:00:29]} 76. Rd3 {[%emt 0:00:06]} Qc7 {[%emt 0:00:13]} 77. Qe4 Qf7 {[%emt 0:00:05]} 78. Bf2 {[%emt 0:00:22]} Rf8 {[%emt 0:00:18]} 79. Bg3 {[%emt 0:00:05]} Qe8 {[%emt 0:00:15]} 80. Rcd2 {[%emt 0:00:08]} Qf7 {[%emt 0:00:13]} 81. Kg1 {[%emt 0:00:07]} Rg8 {[%emt 0:00:14]} 82. Rf2 {[%emt 0:00:05]} Rf8 {[%emt 0:00:02]} 83. Kh2 {[%emt 0:00:03]} Qe8 {[%emt 0:00:08]} 84. f4 {[%emt 0:00:01]} gxf4 {[%emt 0:00:08]} 85. Bxf4 {[%emt 0:00:03]} Nbc7 {[%emt 0:00:07]} 86. Bxh6+ {[%emt 0:00:07]} 1-0

[Event "HUN-ch Rapid 2018"]
[Site "Ajka"]
[Date "2018.07.22"]
[Round "13"]
[White "Mihok, Oliver"]
[Black "Vertetics, Attila"]
[Result "1/2-1/2"]
[WhiteElo "2426"]
[BlackElo "2506"]
[Annotator "ChessBase"]
[PlyCount "84"]
[EventDate "2018.07.20"]
[EventType "swiss"]
[EventCountry "HUN"]
[SourceTitle "playchess.com"]
[Source "ChessBase"]
[SourceQuality "1"]
[TimeControl "1200+5"]

1. e4 {[%emt 0:00:03]} c6 {[%emt 0:00:06]} 2. Nc3 {[%emt 0:00:04]} d5 {[%emt 0:00:03]} 3. Nf3 {[%emt 0:00:01]} Bg4 {[%emt 0:00:04]} 4. h3 {[%emt 0:00:02]} Bxf3 {[%emt 0:00:04]} 5. Qxf3 {[%emt 0:00:02]} e6 {[%emt 0:00:15]} 6. d4 {[%emt 0:00:06]} Nf6 {[%emt 0:00:17]} 7. Bd3 {[%emt 0:00:05]} dxe4 {[%emt 0:00:17]} 8. Nxe4 {[%emt 0:00:03]} Nxe4 {[%emt 0:00:06]} 9. Qxe4 {[%emt 0:00:13]} Nd7 {[%emt 0:00:23]} 10. c3 {[%emt 0:00:29]} Nf6 {[%emt 0:00:14]} 11. Qe2 {[%emt 0:00:03]} Bd6 {[%emt 0:00:08]} 12. O-O {[%emt 0:00:26]} Qc7 {[%emt 0:00:04]} 13. a4 {[%emt 0:01:50]} Bh2+ {[%emt 0:00:09]} 14. Kh1 {[%emt 0:00:01]} Bf4 {[%emt 0:00:02]} 15. Bxf4 {[%emt 0:00:26]} Qxf4 {[%emt 0:00:01]} 16. a5 {[%emt 0:00:07]} O-O {[%emt 0:02:08]} 17. g3 {[%emt 0:02:52]} Qc7 {[%emt 0:00:06]} 18. Qe5 {[%emt 0:00:26]} Rac8 {[%emt 0:01:03]} 19. Rfd1 {[%emt 0:01:09]} Rfd8 {[%emt 0:00:05]} 20. Be2 {[%emt 0:02:26]} Qe7 {[%emt 0:05:54]} 21. Bf3 {[%emt 0:00:26]} Qc7 {[%emt 0:00:04]} 22. Qc5 {[%emt 0:02:49]} Nd7 {[%emt 0:00:31]} 23. Qb4 {[%emt 0:00:30]} Nf6 {[%emt 0:00:10]} 24. Kg2 {[%emt 0:00:15]} Nd5 {[%emt 0:01:24]} 25. Qc5 {[%emt 0:00:17]} a6 {[%emt 0:00:06]} 26. Ra3 {[%emt 0:01:15]} Qe7 {[%emt 0:01:18]} 27. Rb3 {[%emt 0:01:14]} Rd7 {[%emt 0:00:03]} 28. c4 {[%emt 0:00:49]} Nf6 {[%emt 0:00:04]} 29. Qxe7 {[%emt 0:00:31]} Rxe7 {[%emt 0:00:01]} 30. d5 {[%emt 0:00:41]} exd5 {[%emt 0:00:03]} 31. cxd5 {[%emt 0:00:01]} cxd5 {[%emt 0:00:23]} 32. Bxd5 {[%emt 0:00:02]} Nxd5 {[%emt 0:00:18]} 33. Rxd5 {[%emt 0:00:01]} g6 {[%emt 0:00:03]} 34. Rd2 {[%emt 0:00:45]} Rc5 {[%emt 0:00:09]} 35. Rd8+ {[%emt 0:00:02]} Kg7 {[%emt 0:00:01]} 36. Rb8 {[%emt 0:00:01]} Rxa5 {[%emt 0:00:24]} 37. R8xb7 {[%emt 0:00:02]} Rxb7 {[%emt 0:00:13]} 38. Rxb7 {[%emt 0:00:01]} Ra2 {[%emt 0:00:01]} 39. Rb6 {[%emt 0:00:10]} a5 {[%emt 0:00:02]} 40. h4 {[%emt 0:00:10]} a4 {[%emt 0:00:04]} 41. Ra6 {[%emt 0:00:11]} Rxb2 {[%emt 0:00:02]} 42. Rxa4 {[%emt 0:00:02]} h5 {[%emt 0:00:02]} 1/2-1/2

[Event "HUN-ch Rapid 2018"]
[Site "Ajka"]
[Date "2018.07.22"]
[Round "13"]
[White "Almasi, Istvan"]
[Black "Papp, Petra"]
[Result "0-1"]
[WhiteElo "2416"]
[BlackElo "2287"]
[Annotator "TA"]
[PlyCount "70"]
[EventDate "2018.07.20"]
[EventType "swiss"]
[EventCountry "HUN"]
[SourceTitle "playchess.com"]
[Source "ChessBase"]
[SourceQuality "1"]

{[%evp 18,70,14,0,9,0,0,0,0,-30,-35,-35,-23,-34,-48,0,-72,-97,-50,-54,-52,-61,-45,-58,-54,-99,-83,-109,-109,-145,-29,-20,-11,-56,-51,-485,-219,-207,-216,-301,-296,-527,-500,-427,-398,-379,-366,-364,-318,-331,-326,-368,-346,-364,-330]} 1. c4 e5 2. g3 Nc6 3. Bg2 Bc5 4. Nc3 a6 5. e3 d6 6. Nge2 {A25: Englische Eröffnung (Sizilianisch im Anzug)} (6. Nf3 Nf6 7. O-O O-O 8. h3 Ba7 9. d4 h6 10. dxe5 dxe5 11. Qxd8 Rxd8 12. b3 Be6 13. Ba3 Rd7 14. Rfd1 Rad8 15. Rxd7 Rxd7 {½-½ (41) Howell,D (2676)-Ponomariov,R (2694) Riadh 2017}) 6... Ba7 7. d4 Nf6 8. h3 O-O 9. O-O Re8 10. Kh2 $146 {LiveBook: 3 Partien} ({Vorgänger:} 10. d5 Ne7 11. e4 h6 {0-1 (58) Gonzalez Acosta,B (2478)-Lorenzo de la Riva,L (2355) Barcelona 2016}) 10... h6 11. d5 Ne7 12. e4 c6 13. f4 (13. Qd3 {keeps more tension.} cxd5 14. cxd5 Bd7 15. a4 Ng6 16. Bd2) 13... cxd5 14. cxd5 exf4 15. Nxf4 Ng6 16. Nxg6 fxg6 17. Bf4 Qe7 18. g4 Nd7 19. Qd2 Ne5 20. Bg3 Bd7 21. Rae1 Rf8 22. b3 Rac8 23. Ne2 Bb5 ({Günstiger ist} 23... Bxg4 $1 $17 {Droht ...Txf1 und aus.} 24. hxg4 Nxg4+ 25. Kh1 Nf2+ 26. Kh2 Be3) 24. Rxf8+ $11 Rxf8 25. Nf4 Bd7 26. Qb4 $2 {[%mdl 8192] [#]} (26. Nd3 $15) 26... g5 (26... Rxf4 $142 $1 {[%mdl 512]} 27. Bxf4 Nxg4+ $1 {[%mdl 512]} 28. hxg4 Qh4+ 29. Bh3 Qf2+ 30. Kh1 Qf3+ 31. Bg2 Qxf4) 27. Ne6 $19 Bxe6 28. dxe6 {[#]} Nd3 $1 {[%cal Rd3b4]} ({Schwächer ist} 28... Qxe6 29. Rd1 $11) 29. Bxd6 $2 (29. Qc4 {war einen Versuch wert.} Nxe1 30. Bxe1) 29... Qxe6 (29... Nxb4 $2 {geht unter.} 30. Bxe7 Bb8+ 31. e5 $18) 30. Qxb7 {und nun wäre e5 stark für Weiss.} Qxd6+ 31. e5 Nxe5 32. Qd5+ Nf7+ 33. Qxd6 Nxd6 34. Re6 Bb8 35. Kh1 Re8 {Precision: Weiß = 28%, Schwarz = 57%.} 0-1

[Event "HUN-ch Rapid 2018"]
[Site "Ajka"]
[Date "2018.07.22"]
[Round "13"]
[White "Galyas, Miklos"]
[Black "Groszpeter, Attila"]
[Result "1/2-1/2"]
[WhiteElo "2382"]
[BlackElo "2438"]
[Annotator "TA"]
[PlyCount "49"]
[EventDate "2018.07.20"]
[EventType "swiss"]
[EventCountry "HUN"]
[SourceTitle "playchess.com"]
[Source "ChessBase"]
[SourceQuality "1"]

{[%evp 16,49,0,0,12,12,16,10,12,10,26,19,39,31,70,69,75,16,20,26,43,22,19,26,21,23,37,30,38,14,14,14,16,16,16,4]} 1. d4 d5 2. Bf4 c5 3. e3 Nc6 4. c3 Nf6 5. Nd2 Bf5 6. Ngf3 e6 7. Bb5 {D00: 1 d4 d5: Unusual lines} (7. Be2 Bd6 8. dxc5 Bxc5 9. Nd4 Bg6 10. Qa4 O-O 11. Nxc6 bxc6 12. Qxc6 Rc8 13. Qa4 Re8 14. O-O e5 {0-1 (57) Le,Q (2737)-Ding,L (2777) Riadh 2017}) 7... Qb6 8. Qa4 a6 9. Bxc6+ {LiveBook: 3 Games} Qxc6 10. Qxc6+ bxc6 11. dxc5 Bxc5 12. Nd4 Bxd4 $146 ({Predecessor:} 12... Kd7 13. Nxf5 exf5 14. O-O Rhe8 {½-½ (32) Doderer,H (2110)-Klaus GER email 2009}) 13. cxd4 Nd7 14. Rc1 Rc8 15. Nb3 f6 16. Nc5 (16. Bg3 $16) 16... Nxc5 $11 17. Rxc5 Kd7 18. Kd2 Rhe8 19. f3 e5 20. Bg3 exd4 21. exd4 Re6 22. Re1 Rxe1 {The position is equal.} 23. Bxe1 Rb8 24. b3 Rb5 25. Rxb5 {Precision: White = 53%, Black = 38%.} 1/2-1/2

[Event "HUN-ch Rapid 2018"]
[Site "Ajka"]
[Date "2018.07.22"]
[Round "13"]
[White "Dankhazi, Andras"]
[Black "Kormos, Adam"]
[Result "1-0"]
[WhiteElo "2361"]
[BlackElo "2201"]
[Annotator "NA"]
[PlyCount "121"]
[EventDate "2018.07.20"]
[EventType "swiss"]
[EventCountry "HUN"]
[SourceTitle "playchess.com"]
[Source "ChessBase"]
[SourceQuality "1"]
[TimeControl "1200+5"]

1. d4 {[%emt 0:00:01]} d6 {[%emt 0:00:05]} 2. Nf3 {[%emt 0:00:08]} Bg4 {[%emt 0:00:03]} 3. c4 {[%emt 0:00:06]} Nd7 {[%emt 0:00:04]} 4. g3 {[%emt 0:00:20]} Bxf3 {[%emt 0:00:23]} 5. exf3 {[%emt 0:00:01]} g6 {[%emt 0:00:01]} 6. Nc3 {[%emt 0:00:46]} c6 {[%emt 0:00:05]} 7. Be3 {[%emt 0:00:30]} Bg7 {[%emt 0:00:01]} 8. Qd2 {[%emt 0:00:00]} a6 {[%emt 0:00:31]} 9. d5 {[%emt 0:00:48]} c5 {[%emt 0:01:07]} 10. h4 {[%emt 0:00:21]} h5 {[%emt 0:00:12]} 11. f4 {[%emt 0:00:35]} Nh6 {[%emt 0:00:25]} 12. Bh3 {[%emt 0:00:06]} Rb8 {[%emt 0:00:23]} 13. a4 {[%emt 0:00:53]} Qa5 {[%emt 0:00:40]} 14. Qd3 {[%emt 0:01:33]} Nb6 {[%emt 0:02:30]} 15. Bd2 {[%emt 0:00:19]} Qb4 {[%emt 0:06:47]} 16. Bf1 {[%emt 0:02:08]} Nd7 {[%emt 0:00:00]} 17. Ra2 {[%emt 0:03:23]} Qb3 {[%emt 0:01:45]} 18. a5 {[%emt 0:03:28]} O-O {[%emt 0:01:15]} 19. Ra3 {[%emt 0:01:27]} Qxb2 {[%emt 0:00:23]} 20. Nd1 {[%emt 0:00:03]} Qd4 {[%emt 0:00:16]} 21. Qe2 {[%emt 0:00:11]} Qf6 {[%emt 0:01:02]} 22. Bh3 {[%emt 0:00:41]} Nf5 {[%emt 0:00:33]} 23. Bc3 {[%emt 0:01:48]} e5 {[%emt 0:00:01]} 24. Ne3 {[%emt 0:00:12]} Rfe8 {[%emt 0:02:39]} 25. Bxf5 {[%emt 0:00:39]} gxf5 {[%emt 0:00:09]} 26. Qxh5 {[%emt 0:00:02]} Qg6 {[%emt 0:00:11]} 27. Qxf5 {[%emt 0:00:24]} Qxf5 {[%emt 0:00:28]} 28. Nxf5 {[%emt 0:00:01]} exf4+ {[%emt 0:00:01]} 29. Kd2 {[%emt 0:00:14]} Bxc3+ {[%emt 0:00:20]} 30. Rxc3 {[%emt 0:00:01]} b5 {[%emt 0:00:08]} 31. Nxd6 {[%emt 0:00:21]} Red8 {[%emt 0:00:01]} 32. gxf4 {[%emt 0:00:51]} Nf6 {[%emt 0:00:01]} 33. Rg3+ {[%emt 0:00:08]} Kf8 {[%emt 0:00:01]} 34. Nf5 {[%emt 0:00:01]} Ne4+ {[%emt 0:00:00]} 35. Kc2 {[%emt 0:00:06]} Nxg3 {[%emt 0:00:02]} 36. fxg3 {[%emt 0:00:01]} bxc4 {[%emt 0:00:09]} 37. d6 {[%emt 0:00:01]} Rb5 {[%emt 0:00:12]} 38. h5 {[%emt 0:00:02]} Rxa5 39. h6 {[%emt 0:00:00]} Kg8 {[%emt 0:00:05]} 40. Rb1 {[%emt 0:00:26]} Rb5 {[%emt 0:00:09]} 41. Re1 {[%emt 0:00:01]} Rb6 {[%emt 0:00:13]} 42. Rd1 {[%emt 0:00:11]} Kh7 {[%emt 0:00:05]} 43. g4 {[%emt 0:00:05]} Rd7 {[%emt 0:00:07]} 44. Rd5 {[%emt 0:00:03]} c3 {[%emt 0:00:04]} 45. Rxc5 {[%emt 0:00:05]} Rbxd6 {[%emt 0:00:04]} 46. Nxd6 {[%emt 0:00:01]} Rxd6 {[%emt 0:00:01]} 47. g5 {[%emt 0:00:00]} Kg6 {[%emt 0:00:11]} 48. Kxc3 {[%emt 0:00:12]} f6 {[%emt 0:00:04]} 49. Kb4 {[%emt 0:00:09]} fxg5 {[%emt 0:00:05]} 50. fxg5 {[%emt 0:00:00]} Re6 {[%emt 0:00:06]} 51. Ka5 {[%emt 0:00:02]} Rd6 {[%emt 0:00:01]} 52. Re5 {[%emt 0:00:00]} Rc6 {[%emt 0:00:01]} 53. Kb4 {[%emt 0:00:01]} Rd6 {[%emt 0:00:01]} 54. Kc5 {[%emt 0:00:01]} Rd1 {[%emt 0:00:03]} 55. Rd5 {[%emt 0:00:06]} Rb1 {[%emt 0:00:04]} 56. Kd6 {[%emt 0:00:13]} Ra1 {[%emt 0:00:01]} 57. Ke7 {[%emt 0:00:09]} a5 {[%emt 0:00:01]} 58. Kf8 {[%emt 0:00:12]} Kh7 {[%emt 0:00:13]} 59. Rd7+ {[%emt 0:00:05]} Kh8 {[%emt 0:00:04]} 60. g6 {[%emt 0:00:04]} Rf1+ {[%emt 0:00:01]} 61. Rf7 {[%emt 0:00:01]} 1-0